| 000 | 00913nam a22002057a 4500 | ||
|---|---|---|---|
| 999 |
_c62720 _d62720 |
||
| 003 | Ge_BSU | ||
| 005 | 20250130122705.0 | ||
| 008 | 250130s2016 ge ||||| |||| 00| 0 geo d | ||
| 020 | _a9789941095405 | ||
| 041 | _ageo | ||
| 080 | _a39(=353.1) : 575.113.1(=353.1) ა-65 | ||
| 100 |
_aანდრიაძე, გიორგი _921744 |
||
| 245 |
_aქართველთა ეთნოგენეზისათვის : _b[მონოგრაფია] / _cგიორგი ანდრიაძე. |
||
| 264 |
_aთბილისი, _c 2016. |
||
| 300 |
_a128 გვ. : _b ცხრ. ; _c20 სმ. |
||
| 500 | _aრამოდენიმე სტატია რუსულ და ინგლისურ ენებზე. | ||
| 653 | _aქართველთა ეთნოგენეზი | ||
| 653 | _aქართველთა გენეტიკა | ||
| 942 |
_2udc _cBK |
||